Statistics for Capitals of Flags Letter N

Click here to take the quiz!

General Stats

  • This quiz has been taken 15 times
  • The average score is 9 of 11

Answer Stats

Answer% Correct
Amsterdam
100%
Kathmandu
100%
Managua
100%
Oslo
92%
Wellington
92%
Abuja
83%
Pyongyang
83%
Skopje
83%
Windhoek
75%
Niamey
67%
Yaren District
8%

Score Distribution

Percentile by Number Answered

Percent of People with Each Score

Your Score History

You have not taken this quiz